| 000 | 01047nam a2200265 a 4500 | ||
|---|---|---|---|
| 001 | BRCA_9156 | ||
| 005 | 20190320210536.0 | ||
| 008 | 170918s2001----u--a######---#000-0#eng-# | ||
| 020 | _a0894670999 | ||
| 041 | _aeng | ||
| 044 | _au | ||
| 050 | 4 |
_aNK7198.M9 _b.B37 2001 |
|
| 100 | 1 |
_aBarquist, David L. _922587 |
|
| 245 | 1 | 0 |
_aMyer Myers _bJewish Silversmith in Colonial New York _cDavid L. Barquist ; with essays by Jon Butler and Jonathan D. Sarna. |
| 260 |
_aNew Haven, Connecticut _bYale University Art Gallery _c2001 |
||
| 300 |
_axv, 304 p. _bil. (algunas a color) _c29 cm. |
||
| 504 | _aIncluye referencias bibliográficas e índice | ||
| 600 | 1 | 4 |
_aMyers, Myer _d1723-1795 _vExposiciones _922588 |
| 600 | 1 | 4 |
_aMyers, Myer _d1723-1795 _xCrítica e interpretación _922589 |
| 650 | 1 | 4 |
_aTrabajo en plata _vExposiciones _zNueva York (Estado) _922590 |
| 650 | 1 | 4 |
_aPlatería judía _vExposiciones _xHistoria _ySiglo XVIII _zNueva York (Estado) _922591 |
| 700 | 1 |
_aButler, Jon _d1940- _922592 |
|
| 700 | 1 |
_aSarna, Jonathan D. _922593 |
|
| 942 |
_2lcc _cB |
||
| 999 |
_c8803 _d8803 |
||